| 000 | 01496nam a2200457 i 4500 | ||
|---|---|---|---|
| 001 | 7184 | ||
| 003 | KOSZ 005 | ||
| 005 | 20200127085821.0 | ||
| 008 | 071109s1966 pl a f f |000 0 pol | ||
| 015 | _aPB 1967/3008 | ||
| 035 | _a(OCoLC)749777051 | ||
| 040 |
_aWA N _cWA N _dKOSZ 005/HR |
||
| 046 | _k1966 | ||
| 080 | _a621.3 | ||
| 080 | _a539.3/.5 | ||
| 080 | _a535 | ||
| 100 | 1 |
_aLisowski, Aleksander _d(1919-1976) _eAutor |
|
| 655 | 4 | _aPodręczniki akademickie | |
| 650 | 4 | _aNaprężenia i odkształcenia | |
| 650 | 4 | _aOptyka | |
| 650 | 4 | _aElektrotechnika | |
| 700 | 1 |
_aSiemieniec, Adam _d(1929-2011) _eAutor |
|
| 999 |
_c7184 _d7184 |
||
| 999 | _b(075.8) | ||
| 245 | 1 | 0 |
_aPodstawy doświadczalnej analizy naprężeń i odkształceń / _cAleksander Lisowski, Adam Siemieniec. |
| 260 |
_aKraków : _bPaństwowe Wydawnictwo Naukowe, _c1966. |
||
| 300 |
_a341 s., [2] k. tabl. : _bil. ; _c23 cm. |
||
| 336 |
_2rdacontent _aTekst _btxt |
||
| 337 |
_2rdamedia _aBez urządzenia pośredniczącego _bn |
||
| 338 |
_2rdacarrier _aWolumin _bnc |
||
| 380 | _aKsiążki | ||
| 380 | _aPublikacje dydaktyczne | ||
| 385 |
_mPoziom nauczania _aSzkoły wyższe |
||
| 388 | _a1901-2000 | ||
| 388 | _a1945-1989 | ||
| 504 | _aBibliogr. | ||
| 521 | 8 | _aSkrypt dla studentów. | |
| 658 | _aInżynieria i technika | ||
| 658 | _aFizyka i astronomia | ||
| 856 |
_uhttp://koha.tu.koszalin.pl/cgi-bin/koha/opac-detail.pl?biblionumber=7184 _yKatalog online BPK |
||
| 942 |
_2UKD _cKS |
||